000 00807nam a22002177a 4500
010 _aBAC-CH25
020 _a9788184083316
_c140.00
035 _aB-544309-344
035 _aG-002762
037 _aDPL
_bIndiana/vendor
082 _aS
100 _aBurnett, Frances Hodgson
245 _aA little princess /
_cby Frances Hodgson Burnett; adapted by Mike Louis
260 _aNew Delhi
_bindiana Publishing House
_c2013(repr)
270 _a2/13 Ansari Road Darya Ganj
_bNew Delhi
_e110 002
300 _a240p.:
_bill.
_c22cm.(Hb)
490 _aIndiana illustrated classics
942 _2ddc
_cCH
_hS
_mBUR
999 _c86697
_d86697